000 00593nam a2200229Ia 4500
003 OSt
005 20221007081147.0
006 a|||||r|||| 00| 0
007 ta
008 221006b |||||||| |||| 00| 0 eng d
024 _a29,893
037 _cTextual
040 _aFLL
_cFLL
_beng
041 _2eng
_aeng
082 _aW:5, K8
100 _aCarey John
245 0 _aInternational protection of human rights
260 _aNew York
_bOceana Publications, Inc. New
_c1968
300 _ax,116p
_ccm.
942 _hW:5, K8
_cTEXL
_2CC
999 _c1162241
_d1162241